| 000 | 00687nam a22002297a 4500 | ||
|---|---|---|---|
| 005 | 20250130143201.0 | ||
| 008 | 250130b |||||||| |||| 00| 0 eng d | ||
| 020 | _a978-93-95276-65-8 (hbk) | ||
| 037 | _cTB | ||
| 040 |
_aAL _cAL |
||
| 041 |
_2eng _aeng |
||
| 084 |
_aQ4 R4 _qAL |
||
| 100 | _aLama, G. K. | ||
| 245 | _aYantra - mantra - tantra in buddhism | ||
| 260 |
_aVaranasi, India: _bPrachya Vidya Bhawan, _cAL |
||
| 300 | _axxvii, 389p. | ||
| 365 |
_b4500.00 _cINR |
||
| 650 | _aBuddhism | ||
| 650 | _aReligion | ||
| 942 |
_2CC _cTB _hQ4 R4 _n0 |
||
| 999 |
_c1238319 _d1238319 |
||